[Event "EYCC B12"]
[Site "Halkidiki GRE"]
[Date "2001.09.03"]
[EventDate "2001.08.31"]
[Round "4"]
[Result "1-0"]
[White "Ian Nepomniachtchi"]
[Black "Tamas Banusz"]
[WhiteElo "2243"]
[BlackElo "2113"]
[PlyCount "109"]

1. e4 c6 2. d4 d5 3. exd5 cxd5 4. c4 Nf6 5. Nc3 Nc6 6. Nf3 Bg4
7. cxd5 Nxd5 8. Qb3 Bxf3 9. gxf3 Nb6 10. d5 Nd4 11. Bb5+ Nd7
12. Qa4 Nxb5 13. Nxb5 a6 14. Nd4 g6 15. Bg5 h6 16. Bh4 Bg7
17. Ne6 fxe6 18. dxe6 b5 19. exd7+ Qxd7 20. Qe4 Kf7 21. O-O g5
22. Bg3 Qe6 23. Qb7 Qc8 24. Qb6 Qe6 25. Qb7 Qc8 26. Qe4 Qe6
27. Qb4 Qc4 28. Qa3 b4 29. Qa4 Bxb2 30. Rae1 Bf6 31. Re4 Qd3
32. Qxb4 Qb5 33. Qa3 Rhc8 34. Rfe1 Ra7 35. Qe3 Rd7 36. Re6 a5
37. Qe4 Qd3 38. Qg4 Rc4 39. R6e4 Rxe4 40. fxe4 e5 41. Qf5 Qd6
42. Qh7+ Bg7 43. Re3 Qf6 44. h3 Rd8 45. Rc3 Rd7 46. Kg2 Ke8
47. Qg8+ Bf8 48. Rf3 Qg7 49. Qe6+ Qe7 50. Qg6+ Kd8 51. Qb6+
Ke8 52. Qb8+ Rd8 53. Qb5+ Rd7 54. Bxe5 Qc5 55. Qb8+ 1-0

[Event "EYCC B12"]
[Site "Halkidiki GRE"]
[Date "2001.09.06"]
[EventDate "2001.08.31"]
[Round "6"]
[Result "1-0"]
[White "Ian Nepomniachtchi"]
[Black "Egor Krivoborodov"]
[WhiteElo "2243"]
[BlackElo "2161"]
[PlyCount "141"]

1. e4 c6 2. d4 d5 3. Nc3 dxe4 4. Nxe4 Bf5 5. Ng3 Bg6 6. Bc4
Nf6 7. N1e2 e6 8. O-O Bd6 9. f4 Qc7 10. f5 Bxf5 11. Nxf5 exf5
12. Rxf5 Nbd7 13. Ng3 Nb6 14. Be2 O-O-O 15. Nf1 Nbd5 16. c4
Ne7 17. Rf2 c5 18. d5 Ng6 19. Qc2 Rde8 20. Bf3 Kb8 21. Bd2 Ne5
22. h3 Re7 23. Ne3 g6 24. Be2 Nfd7 25. Nd1 f5 26. Nc3 a6
27. a3 Nf7 28. Rb1 Bg3 29. Rf3 Rhe8 30. Bd3 Bh2+ 31. Kh1 Nfe5
32. Rff1 Nxd3 33. Qxd3 Ne5 34. Qe2 Ng4 35. Qd3 Ne5 36. Qe2 Nc6
37. Qf2 Nd4 38. Bg5 Bg3 39. Qd2 Rf7 40. b4 Be5 41. Na4 cxb4
42. Qxb4 Ne2 43. Rfd1 Ng3+ 44. Kg1 Ne4 45. Be3 Bh2+ 46. Kh1
Ng3+ 47. Kxh2 Nf1+ 48. Kg1 Nxe3 49. d6 Qc6 50. Rd2 Rc8 51. Nc5
a5 52. Qb5 Qxc5 53. Qxc5 Rxc5 54. d7 Rc8 55. dxc8=Q+ Kxc8
56. c5 Nc4 57. Rd3 Ne5 58. Rc3 Kc7 59. Rcb3 Kc8 60. Re1 Nc6
61. Rd3 Kc7 62. Rd6 Rg7 63. Kf2 Rf7 64. Kf3 Rg7 65. Kf4 Rf7
66. Re8 Ne7 67. Ke5 Nc8 68. Rdd8 Na7 69. Ke6 Rg7 70. Ra8 Nc6
71. Rac8+ 1-0

[Event "EYCC B12"]
[Site "Halkidiki GRE"]
[Date "2001.09.09"]
[EventDate "2001.08.31"]
[Round "9"]
[Result "1-0"]
[White "David Howell"]
[Black "Ian Nepomniachtchi"]
[WhiteElo "2170"]
[BlackElo "2243"]
[PlyCount "63"]

1. e4 c5 2. Nf3 e6 3. c3 d5 4. e5 d4 5. Bd3 Ne7 6. Be4 Nec6
7. Na3 Qc7 8. Nc4 Nd7 9. Qe2 Rb8 10. a4 b6 11. d3 Ba6 12. Bf4
Bxc4 13. dxc4 dxc3 14. bxc3 g6 15. O-O Bg7 16. Bxc6 Qxc6
17. Rfd1 O-O 18. Rd6 Qc8 19. Rad1 Rb7 20. Qd2 Nb8 21. Bg5 Nc6
22. Bf6 Ne7 23. g4 h6 24. h4 Kh7 25. Qf4 Re8 26. Bxg7 Kxg7
27. Qf6+ Kf8 28. R1d3 Ng8 29. Qh8 Rc7 30. Nd2 f5 31. gxf5 exf5
32. Rxg6 1-0

[Event "ch-RUS Boys U20"]
[Site "Vladimir RUS"]
[Date "2002.03.01"]
[EventDate "2002.03.01"]
[Round "1"]
[Result "1-0"]
[White "Mikhail Panarin"]
[Black "Ian Nepomniachtchi"]
[WhiteElo "2413"]
[BlackElo "2280"]
[PlyCount "117"]

1. e4 e6 2. d4 d5 3. e5 c5 4. c3 Qb6 5. Nf3 Nc6 6. a3 c4
7. Nbd2 Bd7 8. Be2 Nge7 9. Bxc4 Ng6 10. Bd3 Nf4 11. Bf1 Rc8
12. g3 Ng6 13. h4 Na5 14. Bd3 Bb5 15. Qe2 Bxd3 16. Qxd3 h5
17. O-O Be7 18. Rb1 Qc6 19. Re1 Nf8 20. Nf1 Nd7 21. Bg5 Bf8
22. Ne3 Nb6 23. Ng2 Na4 24. Nf4 Qd7 25. Nd2 a6 26. Qe2 b5
27. Nxh5 Nc4 28. Nxc4 bxc4 29. Rbd1 Rb8 30. Bc1 Qb7 31. Rd2 g6
32. Nf4 Be7 33. Qg4 Kd7 34. Rde2 Rbg8 35. Nh3 Kc6 36. Bg5 Rb8
37. Bc1 Qd7 38. Rf1 Rb3 39. f3 Rhb8 40. Rff2 R8b5 41. h5 gxh5
42. Qxh5 Bd8 43. Qh8 Rb8 44. Qh7 R8b5 45. Qh8 Rb8 46. Qh5 R8b5
47. f4 Qb7 48. Qh8 Ba5 49. Ng5 Qe7 50. Qg7 Rb7 51. f5 Qe8
52. Qh6 Re7 53. fxe6 fxe6 54. Rf6 Nxc3 55. bxc3 Rb1 56. Rc2
Kb7 57. Nxe6 Qg8 58. Nc5+ Kb8 59. Rf8+ 1-0

[Event "World Championships U12"]
[Site "Heraklio GRE"]
[Date "2002.11.21"]
[EventDate "2002.11.15"]
[Round "8"]
[Result "1/2-1/2"]
[White "Magnus Carlsen"]
[Black "Ian Nepomniachtchi"]
[WhiteElo "2250"]
[BlackElo "2344"]
[PlyCount "70"]

1. Nf3 Nf6 2. d4 g6 3. g3 Bg7 4. Bg2 O-O 5. O-O d5 6. Ne5 Nbd7
7. c4 dxc4 8. Nxc4 Nb6 9. Nxb6 axb6 10. Nc3 Ne8 11. d5 Nd6
12. Bf4 Bd7 13. Qc2 Ra5 14. e4 e5 15. dxe6 Bxe6 16. Rfd1 Qe7
17. Bxd6 cxd6 18. Qd2 Rc8 19. Bf1 Bxc3 20. bxc3 d5 21. e5 Ra3
22. Bg2 Raxc3 23. Bxd5 R3c5 24. Bxe6 Qxe6 25. Qd7 Rxe5
26. Qxb7 Rc2 27. Rdc1 Ree2 28. Rxc2 Rxc2 29. Qb8+ Kg7 30. Qf4
Qd5 31. a4 Rc4 32. Qe3 Qc6 33. a5 bxa5 34. Qe5+ Qf6 35. Qxf6+
Kxf6 1/2-1/2

[Event "57th Russian Championship Qualifier"]
[Site "St Petersburg RUS"]
[Date "2004.05.21"]
[EventDate "2004.05.21"]
[Round "1"]
[Result "1/2-1/2"]
[White "Ian Nepomniachtchi"]
[Black "Denis Yevseev"]
[WhiteElo "2445"]
[BlackElo "2580"]
[PlyCount "57"]

1. e4 c6 2. c4 d5 3. exd5 cxd5 4. d4 Nf6 5. cxd5 Nxd5 6. Nc3
g6 7. Nf3 Bg7 8. Bd3 O-O 9. O-O Nc6 10. Be4 Nf6 11. Bxc6 bxc6
12. Ne5 c5 13. dxc5 Qc7 14. Re1 Qxc5 15. Qf3 Be6 16. Bg5 Rac8
17. h3 Bd5 18. Qe2 Ba8 19. Rad1 Ne4 20. Nxe4 Qxe5 21. Bh4 Rfe8
22. Nc3 Qf5 23. Qe3 Rc7 24. Bg3 Rd7 25. Be5 Rxd1 26. Nxd1 f6
27. Bc3 Qd5 28. Qe6+ Kf8 29. Qxd5 1/2-1/2

[Event "57th Russian Championship Qualifier"]
[Site "St Petersburg RUS"]
[Date "2004.05.22"]
[EventDate "2004.05.01"]
[Round "2"]
[Result "1/2-1/2"]
[White "Yuri Yakovich"]
[Black "Ian Nepomniachtchi"]
[WhiteElo "2596"]
[BlackElo "2445"]
[PlyCount "97"]

1. c4 Nf6 2. g3 c5 3. Bg2 d5 4. Nf3 Nc6 5. cxd5 Nxd5 6. d4 Bf5
7. O-O Ndb4 8. Bd2 Bc2 9. Qc1 Be4 10. dxc5 Nc2 11. Nc3 Bg6
12. Rb1 N2b4 13. e4 e6 14. Be3 Nd3 15. Qc2 Nxc5 16. Rfd1 Qc8
17. Nd4 Be7 18. Ndb5 O-O 19. Nd6 Bxd6 20. Rxd6 Ne5 21. Qe2 Na6
22. Rc1 Qc4 23. f4 Qxe2 24. Nxe2 Nc6 25. g4 f6 26. a3 Rfd8
27. Rcd1 Rxd6 28. Rxd6 Nc7 29. Nc3 Be8 30. Bf1 b6 31. e5 Rd8
32. Rxd8 Nxd8 33. exf6 gxf6 34. Kf2 Bc6 35. Bd3 Nf7 36. Kg3
Kg7 37. Bd4 e5 38. fxe5 fxe5 39. Be3 Nd6 40. h4 Ne6 41. b4 e4
42. Bf1 Kf6 43. Bf4 Ke7 44. Bxd6+ Kxd6 45. Bc4 Nf8 46. Kf4
Ng6+ 47. Kg5 Ke5 48. h5 Ne7 49. Ne2 1/2-1/2

[Event "57th Russian Championship Qualifier"]
[Site "St Petersburg RUS"]
[Date "2004.05.23"]
[EventDate "2004.05.01"]
[Round "3"]
[Result "1/2-1/2"]
[White "Ian Nepomniachtchi"]
[Black "Vladimir Burmakin"]
[WhiteElo "2445"]
[BlackElo "2571"]
[PlyCount "159"]

1. e4 c6 2. c4 d5 3. exd5 cxd5 4. cxd5 Nf6 5. Nc3 Nxd5 6. Nf3
Nxc3 7. bxc3 g6 8. d4 Bg7 9. Bd3 Qc7 10. Bd2 O-O 11. O-O Nc6
12. Re1 Bg4 13. Rb1 Rad8 14. h3 Bc8 15. Bg5 Rd7 16. Qc1 a6
17. Be4 Na7 18. a4 Nc6 19. Bf4 Qa5 20. Qc2 Nd8 21. Nd2 b5
22. axb5 axb5 23. Nb3 Qb6 24. Nc5 Ra7 25. Bd3 Ne6 26. Rxb5 Qd8
27. Be5 Nxc5 28. Rxc5 Bxe5 29. Rcxe5 Be6 30. Qd2 Kg7 31. Qe3
Rc7 32. d5 Bc8 33. Qd4 f6 34. R5e3 Qd6 35. h4 Bb7 36. Re6 Qxd5
37. Rxe7+ Rf7 38. Qxd5 Bxd5 39. Rxc7 Rxc7 40. c4 Bf7 41. f3 f5
42. Kf2 Kf6 43. f4 h6 44. Rc1 g5 45. g3 Be6 46. Be2 Ra7
47. Rc3 Ra1 48. c5 Ra4 49. fxg5+ hxg5 50. h5 g4 51. c6 Bc8
52. Re3 Ra7 53. Re8 Rc7 54. Bb5 Kg5 55. Rh8 f4 56. gxf4+ Kxf4
57. h6 Bf5 58. Rg8 Rh7 59. Rf8 Rxh6 60. Ke1 Rh1+ 61. Kd2 Rh2+
62. Be2 Ke5 63. c7 Bd7 64. Rd8 Bf5 65. Re8+ Kd6 66. c8=Q Bxc8
67. Rxc8 Rh3 68. Rg8 Rg3 69. Ke1 Ke5 70. Kf2 Ra3 71. Rg5+ Kf4
72. Rxg4+ Ke5 73. Rb4 Rc3 74. Bf3 Rc2+ 75. Kg3 Rd2 76. Re4+
Kd6 77. Kf4 Kc5 78. Re8 Kd4 79. Rc8 Rd3 80. Be4 1/2-1/2

[Event "57th Russian Championship Qualifier"]
[Site "St Petersburg RUS"]
[Date "2004.05.27"]
[EventDate "2004.05.21"]
[Round "6"]
[Result "0-1"]
[White "Igor Kurnosov"]
[Black "Ian Nepomniachtchi"]
[WhiteElo "2543"]
[BlackElo "2445"]
[PlyCount "66"]

1. e4 e6 2. d4 d5 3. Nc3 Nf6 4. Bg5 Bb4 5. e5 h6 6. Be3 Ne4
7. Qg4 g6 8. a3 Bxc3+ 9. bxc3 Nxc3 10. Bd3 Nc6 11. h4 Ne7
12. h5 g5 13. f3 Bd7 14. Nh3 Bc6 15. Bd2 Na4 16. f4 gxf4
17. O-O Nb2 18. Be2 Nc4 19. Qxf4 Nf5 20. Bg4 Qd7 21. Be1 O-O-O
22. Bxf5 exf5 23. Bh4 Rde8 24. Bf6 Rhg8 25. Nf2 Ba4 26. Ra2
Qb5 27. Qxh6 Rg3 28. Bg5 Rg8 29. e6 f6 30. Qxf6 Ne3 31. c4
Qxc4 32. Raa1 Rxg2+ 33. Kh1 R2xg5 0-1

[Event "57th Russian Championship Qualifier"]
[Site "St Petersburg RUS"]
[Date "2004.05.28"]
[EventDate "2004.05.21"]
[Round "7"]
[Result "0-1"]
[White "Ian Nepomniachtchi"]
[Black "Valerij Popov"]
[WhiteElo "2445"]
[BlackElo "2547"]
[PlyCount "110"]

1. e4 e6 2. d4 d5 3. Nd2 c5 4. c3 cxd4 5. cxd4 dxe4 6. Nxe4
Bb4+ 7. Nc3 Nf6 8. Nf3 O-O 9. Bd3 b6 10. a3 Be7 11. Qe2 Bb7
12. O-O Nbd7 13. Bf4 Nh5 14. Be3 Qb8 15. Ne5 Nhf6 16. f4 a6
17. Rad1 Qd6 18. Bb1 Rad8 19. Ba2 b5 20. Kh1 Nb6 21. f5 Nbd5
22. fxe6 Qxe6 23. Rde1 Nxc3 24. bxc3 Bd5 25. Bb1 Ne4 26. Qh5
g6 27. Qh6 Nxc3 28. Bd3 f5 29. Bc1 Qf6 30. Bb2 Na4 31. Ba1 Qh4
32. Qd2 Qg5 33. Qf2 Bxa3 34. h4 Qh6 35. Kg1 Bd6 36. Re2 Rc8
37. Qe1 Rc7 38. Re3 Rfc8 39. h5 Rc1 40. Qf2 Qxh5 41. Rh3 Qg5
42. Rg3 Rxf1+ 43. Bxf1 Qf6 44. Qd2 Rc7 45. Be2 Qd8 46. Qf4 Qc8
47. Kh2 Nc3 48. Bd3 Ne4 49. Rh3 b4 50. Qh4 a5 51. Bb5 Re7
52. Ba4 Qc1 53. Be8 Qxa1 54. Bf7+ Rxf7 55. Qd8+ Rf8 0-1

[Event "Russian Under-20 Championships"]
[Site "Nojabrsk RUS"]
[Date "2005.03.05"]
[EventDate "2005.03.02"]
[Round "4"]
[Result "1/2-1/2"]
[White "Ian Nepomniachtchi"]
[Black "Ildar Khairullin"]
[WhiteElo "2483"]
[BlackElo "2507"]
[PlyCount "77"]

1. e4 c5 2. Nf3 Nc6 3. d4 cxd4 4. Nxd4 Nf6 5. Nc3 e5 6. Ndb5
d6 7. a4 a6 8. Na3 Bg4 9. f3 Be6 10. Bc4 Qb6 11. Nd5 Bxd5
12. Bxd5 Nxd5 13. Qxd5 Qb4+ 14. Bd2 Qxb2 15. Ke2 Qb6 16. Rhb1
Qc7 17. Ra2 Be7 18. Rab2 Rb8 19. Be3 O-O 20. Nc4 Rfc8 21. Nb6
Re8 22. Qc4 Bd8 23. Kf1 h6 24. g3 Qe7 25. Nd5 Qd7 26. Kg2 Kh7
27. Qd3 Na5 28. Rb4 Nc6 29. R4b2 Na5 30. Ba7 Rc8 31. Rb4 b5
32. Bf2 bxa4 33. c3 Qc6 34. Qc2 Nb3 35. Qa2 a5 36. Rxa4 Nd2
37. Ra1 Nc4 38. Qe2 Rf8 39. R4a2 1/2-1/2

[Event "Russian Under-20 Championships"]
[Site "Nojabrsk RUS"]
[Date "2005.03.09"]
[EventDate "2005.03.02"]
[Round "8"]
[Result "0-1"]
[White "Ian Nepomniachtchi"]
[Black "Igor Kurnosov"]
[WhiteElo "2483"]
[BlackElo "2538"]
[PlyCount "148"]

1. e4 e5 2. Nf3 Nc6 3. Bb5 a6 4. Ba4 Nf6 5. O-O Be7 6. Re1 b5
7. Bb3 O-O 8. d4 d6 9. c3 Bg4 10. d5 Na5 11. Bc2 c6 12. h3 Bc8
13. dxc6 Qc7 14. Nbd2 Qxc6 15. Nf1 Nc4 16. Ng3 Re8 17. Nh4 g6
18. b3 Nb6 19. Bg5 Be6 20. Qf3 Kg7 21. Qe3 Rac8 22. Rac1 Qc5
23. Bh6+ Kh8 24. Nf3 Qxe3 25. Bxe3 Nfd7 26. Bd3 f6 27. Nd2 Rc7
28. c4 Rec8 29. Rc2 bxc4 30. bxc4 Nc5 31. Bf1 Kg7 32. Rec1 Kf7
33. Be2 Nba4 34. Bg4 Rb8 35. Bxe6+ Kxe6 36. Bxc5 Nxc5 37. Ne2
Bf8 38. Nc3 Bh6 39. Rd1 Rcb7 40. Nb3 Nxb3 41. axb3 Rxb3
42. Ra1 R8b4 43. Nd5 Rb1+ 44. Rxb1 Rxb1+ 45. Kh2 Rc1 46. Ra2
Rxc4 47. Rxa6 Rxe4 48. Nc7+ Kd7 49. Nb5 Bf8 50. Ra7+ Kc6
51. Nc3 Rc4 52. Ra8 Kb7 53. Rxf8 Rxc3 54. Rxf6 Kc6 55. g4 Rb3
56. Kg2 Rb7 57. h4 Kc5 58. Re6 Kd5 59. Rf6 e4 60. g5 Ke5
61. f4+ exf3+ 62. Kxf3 d5 63. Ra6 Rf7+ 64. Ke2 Rf4 65. h5 gxh5
66. Rh6 h4 67. Rh5 Ke4 68. Rxh7 Kf5 69. Rg7 Rg4 70. Rd7 d4
71. Rd5+ Ke4 72. Ra5 h3 73. Ra3 h2 74. Rh3 Rg2+ 0-1

[Event "Russian Under-20 Championships"]
[Site "Nojabrsk RUS"]
[Date "2005.03.10"]
[EventDate "2005.03.02"]
[Round "9"]
[Result "1/2-1/2"]
[White "Evgeny Alekseev"]
[Black "Ian Nepomniachtchi"]
[WhiteElo "2605"]
[BlackElo "2483"]
[PlyCount "59"]

1. e4 c5 2. Nf3 d6 3. d4 cxd4 4. Nxd4 Nf6 5. Nc3 a6 6. Be3 e5
7. Nb3 Be7 8. f3 Be6 9. Qd2 Nbd7 10. g4 Nb6 11. O-O-O O-O
12. Kb1 Qc7 13. h4 Rfc8 14. g5 Nfd7 15. Rh2 Nc4 16. Bxc4 Bxc4
17. h5 a5 18. Nc1 b5 19. Nd5 Bxd5 20. Qxd5 b4 21. g6 Qc4
22. gxf7+ Kf8 23. Qd2 Kxf7 24. Ne2 a4 25. b3 Qb5 26. Ng3 Ra6
27. Nf5 Bf8 28. Rg2 Nf6 29. Qe1 Rc3 30. Bd2 1/2-1/2

[Event "Russian Under-20 Championships"]
[Site "Nojabrsk RUS"]
[Date "2005.03.11"]
[EventDate "2005.03.02"]
[Round "10"]
[Result "1/2-1/2"]
[White "Ian Nepomniachtchi"]
[Black "Alexander Riazantsev"]
[WhiteElo "2483"]
[BlackElo "2596"]
[PlyCount "51"]

1. e4 e5 2. Nf3 Nc6 3. Bb5 a6 4. Bxc6 dxc6 5. Nc3 f6 6. d4
exd4 7. Nxd4 c5 8. Nde2 Qxd1+ 9. Nxd1 Be6 10. Bf4 O-O-O 11. h4
h5 12. Ne3 c4 13. Rd1 Rxd1+ 14. Nxd1 Ne7 15. Nd4 Bf7 16. Ne3
Ng6 17. Bg3 Bc5 18. Ndf5 Rg8 19. Ke2 Ne7 20. Rd1 Nxf5 21. Nxf5
Be6 22. f3 g6 23. Ne3 Rd8 24. Be1 Rxd1 25. Nxd1 Kd7 26. Ne3
1/2-1/2

[Event "Russian Under-20 Championships"]
[Site "Nojabrsk RUS"]
[Date "2005.03.12"]
[EventDate "2005.03.02"]
[Round "11"]
[Result "1-0"]
[White "Stanislav Novikov"]
[Black "Ian Nepomniachtchi"]
[WhiteElo "2514"]
[BlackElo "2483"]
[PlyCount "135"]

1. e4 c5 2. Nf3 d6 3. d4 cxd4 4. Nxd4 Nf6 5. Nc3 a6 6. Nb3
Nbd7 7. Be3 e5 8. Bc4 Be7 9. O-O O-O 10. a4 Nb6 11. Bxb6 Qxb6
12. Nd5 Nxd5 13. Bxd5 Kh8 14. Qd3 f5 15. a5 Qc7 16. Ra4 f4
17. Rc4 Qd7 18. f3 Bd8 19. Rb4 Rb8 20. Ra1 Rf6 21. Nd2 b5
22. axb6 Rxb6 23. Qb3 Qa7 24. Rxb6 Bxb6+ 25. Kh1 g5 26. Qc4
Qd7 27. Qc6 Qd8 28. Ra3 Kg7 29. Rc3 Rf8 30. Rd3 Bc5 31. Nb3
Be3 32. Bc4 g4 33. Rxd6 Qh4 34. Qc7+ Kh8 35. Rd1 g3 36. Qxe5+
Rf6 37. Qe8+ Kg7 38. Rd7+ Bxd7 39. Qxd7+ Kh6 40. h3 Qg5
41. Nd4 Bxd4 42. Qxd4 Rc6 43. e5 Kh5 44. Bf7+ Kh6 45. Bc4 Rc8
46. Kg1 Rd8 47. Bd5 Kh5 48. Kf1 Qg6 49. Ke1 Rd7 50. Kd2 Qf5
51. c4 a5 52. Kc3 Re7 53. e6 Kg5 54. c5 Qf6 55. c6 Rc7 56. Kc4
Qxd4+ 57. Kxd4 Kf5 58. b3 h6 59. h4 h5 60. Kc5 Ke5 61. Bc4 Rg7
62. Kb6 Kd6 63. Ba6 Rc7 64. Bb7 Rg7 65. Bc8 Rg8 66. Kb7 Rf8
67. Bd7 Rf5 68. c7 1-0

[Event "BELFORT YWCC Boys Under 16"]
[Site "Belfort (90)"]
[Date "2005.07.26"]
[EventDate "?"]
[Round "8.2"]
[Result "1-0"]
[White "Ian Nepomniachtchi"]
[Black "Egor Krivoborodov"]
[WhiteElo "2502"]
[BlackElo "2390"]
[PlyCount "101"]

1. e4 c6 2. d4 d5 3. e5 Bf5 4. Be3 Qb6 5. Qc1 e6 6. Nd2 c5
7. Nb3 c4 8. Nd2 Nc6 9. c3 f6 10. Nxc4 dxc4 11. d5 Bc5
12. dxc6 Qxc6 13. Nf3 Ne7 14. exf6 gxf6 15. Bxc5 Qxc5 16. Qf4
Rc8 17. Be2 e5 18. Qh6 Ng6 19. Nh4 Nxh4 20. Qxh4 O-O 21. O-O
Kh8 22. Rad1 b5 23. Rd2 Qe7 24. Rfd1 Rcd8 25. Qh6 Rxd2
26. Qxd2 Rc8 27. g3 Kg7 28. b3 cxb3 29. axb3 Qa3 30. c4 Qxb3
31. Qd6 Rf8 32. cxb5 Qc2 33. Bf1 Rf7 34. Ra1 Rd7 35. Qa3 Be4
36. Qe3 Bb7 37. Rxa7 Qd1 38. Ra3 Qd5 39. f3 Qd1 40. Rd3 Rxd3
41. Qxd3 Qxd3 42. Bxd3 Bxf3 43. Kf2 Bb7 44. Ke3 Kf7 45. Bxh7
Ke6 46. Be4 Bc8 47. b6 f5 48. b7 f4+ 49. Kf3 Bxb7 50. Bxb7
fxg3 51. hxg3 1-0

[Event "Russian Club Cup"]
[Site "Sochi RUS"]
[Date "2006.04.25"]
[EventDate "2006.04.20"]
[Round "6"]
[Result "1/2-1/2"]
[White "Ian Nepomniachtchi"]
[Black "Evgeny Romanov"]
[WhiteElo "2506"]
[BlackElo "2480"]
[PlyCount "59"]

1. e4 e5 2. Nf3 Nc6 3. Bb5 a6 4. Ba4 Nf6 5. O-O Be7 6. Re1 b5
7. Bb3 d6 8. c3 O-O 9. h3 Na5 10. Bc2 c5 11. d4 Nc6 12. a4 Bd7
13. d5 Na5 14. Nxe5 dxe5 15. d6 b4 16. dxe7 Qxe7 17. Bg5 h6
18. Be3 Rfd8 19. Nd2 Be6 20. Qf3 b3 21. Bd1 Nd7 22. Qg3 Kh7
23. Be2 f6 24. f3 c4 25. Qf2 Rac8 26. Red1 Nc5 27. Bxc5 Qxc5
28. Qxc5 Rxc5 29. Nf1 Rcc8 30. Ne3 1/2-1/2

[Event "Russian Club Cup"]
[Site "Sochi RUS"]
[Date "2006.04.30"]
[EventDate "2006.04.20"]
[Round "11"]
[Result "0-1"]
[White "Artur Gabrielian"]
[Black "Ian Nepomniachtchi"]
[WhiteElo "2520"]
[BlackElo "2506"]
[PlyCount "71"]

1. g3 Nf6 2. Bg2 d5 3. d3 g6 4. Nf3 Bg7 5. O-O O-O 6. Nbd2 d4
7. Nc4 Nc6 8. e4 dxe3 9. Nxe3 e5 10. Nc4 Nd5 11. Re1 Re8
12. Bd2 h6 13. Qc1 Kh7 14. a3 a5 15. Rb1 a4 16. b4 axb3
17. Rxb3 f5 18. c3 Ra4 19. Nb2 Ra6 20. Nc4 Ra4 21. Nb2 Ra6
22. Nc4 e4 23. dxe4 fxe4 24. Nd4 Bxd4 25. cxd4 Nxd4 26. Qb2
Nxb3 27. Qxb3 Rae6 28. Bc1 Qe7 29. Bb2 e3 30. f4 e2 31. Qd3
Rd8 32. Bd4 Nxf4 33. gxf4 c5 34. Ne5 Rxd4 35. Qf3 Rxf4 36. Ra1
0-1

[Event "Ilyumzhinov Cup"]
[Site "Internet"]
[Date "2006.05.06"]
[EventDate "?"]
[Round "?"]
[Result "1-0"]
[White "Ian Nepomniachtchi"]
[Black "Georgui Castaneda"]
[WhiteElo "2506"]
[BlackElo "2451"]
[PlyCount "151"]

1. d4 e6 2. e4 d5 3. exd5 exd5 4. Bd3 c5 5. c3 Nc6 6. Nf3 Bg4
7. O-O Nf6 8. Bg5 Be7 9. dxc5 O-O 10. Nbd2 Bxc5 11. Nb3 Bb6
12. h3 Bh5 13. Be2 h6 14. Bh4 g5 15. Bg3 Ne4 16. Nfd4 Nxg3
17. fxg3 Bg6 18. Kh1 Re8 19. Bd3 Qd6 20. Bxg6 fxg6 21. Nxc6
bxc6 22. Qd3 Re3 23. Qc2 Rae8 24. Qf2 R3e7 25. Nd4 Bc7 26. Qf6
Qxg3 27. Qxg6+ Kh8 28. Qxh6+ Rh7 29. Qf6+ Rg7 30. Qxg7+ Kxg7
31. Nf5+ Kg6 32. Nxg3 Bxg3 33. Rf3 Bf4 34. g3 Be5 35. Raf1 d4
36. Re1 dxc3 37. bxc3 c5 38. Rfe3 Kf5 39. Kg2 a5 40. Kf3 c4
41. a4 Re7 42. Rxe5+ Rxe5 43. Rxe5+ Kxe5 44. h4 g4+ 45. Kxg4
Ke4 46. h5 Kd3 47. h6 Kxc3 48. h7 Kb3 49. h8=Q c3 50. Qh1 Kxa4
51. Qc1 Kb3 52. Qb1+ Kc4 53. Qc2 a4 54. Qxa4+ Kd3 55. Qd1+ Ke3
56. Qc2 Kd4 57. Kf3 Kc4 58. Ke3 Kd5 59. Qxc3 Ke6 60. Qc5 Kf6
61. Kf4 Kg6 62. Qg5+ Kf7 63. Qh6 Kg8 64. Qg6+ Kh8 65. Qd6 Kg7
66. Kg5 Kh7 67. Qg6+ Kh8 68. Qh6+ Kg8 69. Qa6 Kf7 70. Kf5 Ke7
71. Qe6+ Kd8 72. Qf7 Kc8 73. Ke6 Kb8 74. Kd6 Ka8 75. Kc6 Kb8
76. Qb7# 1-0

[Event "Russian Championship Higher League"]
[Site "Krasnoyarsk RUS"]
[Date "2007.09.05"]
[EventDate "2007.09.03"]
[Round "3"]
[Result "0-1"]
[White "Arseny Alavkin"]
[Black "Ian Nepomniachtchi"]
[WhiteElo "2500"]
[BlackElo "2613"]
[PlyCount "102"]

1. e4 c5 2. Nf3 d6 3. Bb5+ Nd7 4. d4 Ngf6 5. O-O a6 6. Bxd7+
Nxd7 7. Nc3 e6 8. Bg5 Qc7 9. d5 e5 10. a4 h6 11. Bh4 g6
12. Nd2 Bg7 13. Nc4 Nb6 14. Na3 Bd7 15. a5 Nc8 16. Nc4 O-O
17. Ra3 b5 18. axb6 Nxb6 19. Na5 Na4 20. Nc4 Nxc3 21. Rxc3 Bb5
22. Re1 a5 23. f3 Rfb8 24. Qa1 a4 25. Bf2 Bf8 26. Be3 Qb7
27. Nd2 Bd7 28. Nc4 Qa6 29. Qc1 Rb4 30. Na3 Kh7 31. Qa1 Rab8
32. Bc1 f5 33. Qa2 f4 34. Nc4 h5 35. Bd2 g5 36. b3 Bb5 37. Ra1
g4 38. Nb2 gxf3 39. Rxf3 Rxe4 40. c4 Be8 41. Nxa4 Rd4 42. Bc3
Bg6 43. Bxd4 cxd4 44. Re1 Bh6 45. Qf2 Rf8 46. Rh3 Qa5 47. Kf1
d3 48. Qb6 Qxb6 49. Nxb6 e4 50. c5 e3 51. Ra1 Bg7 0-1

[Event "Russian Championship Higher League"]
[Site "Krasnoyarsk RUS"]
[Date "2007.09.10"]
[EventDate "2007.09.03"]
[Round "7"]
[Result "1/2-1/2"]
[White "Ildar Khairullin"]
[Black "Ian Nepomniachtchi"]
[WhiteElo "2567"]
[BlackElo "2613"]
[PlyCount "47"]

1. e4 c5 2. Nf3 d6 3. d4 cxd4 4. Nxd4 Nf6 5. Nc3 a6 6. Be3 e5
7. Nf3 Be7 8. Bc4 O-O 9. O-O Nc6 10. Re1 b5 11. Bb3 Be6
12. Qd3 h6 13. Nh4 Qd7 14. a3 Na5 15. Bxe6 fxe6 16. Ng6 Rfc8
17. Rad1 Nc4 18. Bc1 Bd8 19. b3 Nb6 20. Qg3 Qf7 21. Rxd6 Nh5
22. Qg4 Nf6 23. Qg3 Nh5 24. Qg4 1/2-1/2

[Event "European Individual Championship"]
[Site "Plovdiv BUL"]
[Date "2008.04.26"]
[EventDate "2008.04.21"]
[Round "6"]
[Result "1-0"]
[White "Ian Nepomniachtchi"]
[Black "Malkhaz Sulashvili"]
[WhiteElo "2634"]
[BlackElo "2491"]
[PlyCount "61"]

1. e4 c6 2. d4 d5 3. exd5 cxd5 4. c4 Nf6 5. Nc3 e6 6. Nf3 Bb4
7. cxd5 Nxd5 8. Qc2 Nc6 9. Bd3 Ba5 10. a3 Nxc3 11. bxc3 Nxd4
12. Nxd4 Qxd4 13. Bb5+ Bd7 14. O-O Qd5 15. c4 Qf5 16. Bxd7+
Kxd7 17. Qb3 b6 18. Rd1+ Ke7 19. a4 Rhd8 20. Ba3+ Kf6 21. Bd6
g5 22. Qb2+ Kg6 23. Ra3 e5 24. Qe2 f6 25. h4 g4 26. Rg3 h5
27. f3 Qf4 28. Kh2 Rac8 29. fxg4 Rxc4 30. Bxe5 Qxe5 31. gxh5+
1-0

[Event "61st Russian Championship Higher League"]
[Site "Novokuznetsk RUS"]
[Date "2008.09.14"]
[EventDate "2008.09.03"]
[Round "11"]
[Result "1-0"]
[White "Ivan Smikovski"]
[Black "Ian Nepomniachtchi"]
[WhiteElo "2554"]
[BlackElo "2602"]
[PlyCount "103"]

1. e4 e5 2. Nf3 Nc6 3. Bb5 a6 4. Ba4 d6 5. O-O Bd7 6. c3 g6
7. d4 Bg7 8. d5 Nce7 9. Bxd7+ Qxd7 10. c4 h6 11. Nc3 f5
12. Ne1 Nf6 13. f3 O-O 14. Nd3 c5 15. Qe2 b5 16. cxb5 axb5
17. b4 fxe4 18. fxe4 c4 19. Nf2 Qb7 20. a3 Kh7 21. Be3 Nh5
22. g3 Nf4 23. gxf4 exf4 24. Bd2 f3 25. Qe3 Rae8 26. Kh1 Nf5
27. Qxf3 Nd4 28. Qh3 Rf3 29. Qg2 Ref8 30. Ng4 h5 31. Ne3 Qe7
32. Rxf3 Rxf3 33. Rg1 Qf7 34. e5 dxe5 35. Ne4 Bh6 36. Nc2 Qf5
37. Nxd4 exd4 38. Bxh6 Qxe4 39. d6 h4 40. d7 h3 41. Qxg6+ Qxg6
42. Rxg6 Kxg6 43. Kg1 Kxh6 44. d8=Q Rf4 45. Qb6+ Kg7 46. Qxb5
Rg4+ 47. Kf2 Rg2+ 48. Kf3 c3 49. Qe5+ Kf7 50. Qxd4 c2 51. Qc4+
Kg6 52. b5 1-0

[Event "10th European Individual Championship"]
[Site "Budva MNE"]
[Date "2009.03.10"]
[EventDate "2009.03.06"]
[Round "5"]
[Result "1-0"]
[White "Lorin A R D'Costa"]
[Black "Ian Nepomniachtchi"]
[WhiteElo "2445"]
[BlackElo "2628"]
[PlyCount "109"]

1. d4 Nf6 2. c4 c5 3. d5 b5 4. Nf3 g6 5. cxb5 a6 6. b6 d6
7. Nc3 Nfd7 8. e4 Bg7 9. Be2 O-O 10. O-O Nxb6 11. a4 a5
12. Bf4 Na6 13. h3 Nb4 14. Bb5 Bd7 15. Qe2 Bxb5 16. axb5 a4
17. Rfd1 Qd7 18. e5 Qf5 19. Bg3 Rfd8 20. Ne4 dxe5 21. d6 exd6
22. Nxd6 Qd7 23. Nxe5 Qe7 24. Ndxf7 Rd5 25. Rxd5 N4xd5 26. Qd2
Qf8 27. Ng5 Qe8 28. Nc6 a3 29. Rxa3 Rxa3 30. bxa3 c4 31. Nf3
Qe4 32. Qe1 Qxe1+ 33. Nxe1 Na4 34. Nc2 Ndc3 35. N6d4 Bf8
36. Kf1 Bc5 37. f3 Nb1 38. Be1 c3 39. Ke2 Kf7 40. Kd3 Nb2+
41. Ke4 Na4 42. Kd5 Bxa3 43. Ne2 Be7 44. Kc6 Bd8 45. Bf2 Nb2
46. b6 Nc4 47. Kb5 Nd6+ 48. Ka6 Ke6 49. Bd4 Nd2 50. Nxc3 h5
51. b7 Bc7 52. Nb5 Nxb5 53. Kxb5 Bb8 54. Nb4 g5 55. Nc6 1-0